|
|
|
|
| LEADER |
01704cas a2200241 a 4500 |
| 001 |
AALejournalIMF013256 |
| 008 |
230101c9999 xx r poo 0 0eng d |
| 020 |
|
|
|c 5.00 USD
|
| 020 |
|
|
|z 9781475542769
|
| 022 |
|
|
|a 1934-7685
|
| 040 |
|
|
|a BD-DhAAL
|c BD-DhAAL
|
| 110 |
2 |
|
|a International Monetary Fund.
|b African Dept.
|
| 245 |
1 |
0 |
|a Liberia :
|b 2012 Article IV Consultation.
|
| 264 |
|
1 |
|a Washington, D.C. :
|b International Monetary Fund,
|c 2012.
|
| 300 |
|
|
|a 1 online resource (176 pages)
|
| 490 |
1 |
|
|a IMF Staff Country Reports
|
| 500 |
|
|
|a <strong>Off-Campus Access:</strong> No User ID or Password Required
|
| 500 |
|
|
|a <strong>On-Campus Access:</strong> No User ID or Password Required
|
| 506 |
|
|
|a Electronic access restricted to authorized BRAC University faculty, staff and students
|
| 520 |
3 |
|
|a The 2012 Article IV Consultation with Liberia discusses the economic developments and policies of the country. Liberia recorded strong macroeconomic performance under the three-year Extended Credit Facility (ECF) Arrangement, but poverty continued to be pervasive. The short- to medium-term outlook has remained favorable, although subject to considerable risks. Following resumption of iron ore exports in 2011, real GDP growth is estimated at 9 percent in 2012, supported by strong growth in the mining sector and expansionary fiscal policy for infrastructure investment. IMF staff supports the authorities' request for a successor arrangement under the ECF.
|
| 538 |
|
|
|a Mode of access: Internet
|
| 830 |
|
0 |
|a IMF Staff Country Reports; Country Report ;
|v No. 2012/340
|
| 856 |
4 |
0 |
|z Full text available on IMF
|u http://elibrary.imf.org/view/journals/002/2012/340/002.2012.issue-340-en.xml
|z IMF e-Library
|